Latinoamérica: las ciudades y las ideas
Αποθηκεύτηκε σε:
| Κύριος συγγραφέας: | |
|---|---|
| Μορφή: | Βιβλίο |
| Γλώσσα: | Ισπανικά |
| Έκδοση: |
Buenos Aires
Siglo Veintiuno
2001
|
| Έκδοση: | 2a. ed |
| Σειρά: | Historia y Cultura
|
| Θέματα: | |
| Ετικέτες: |
Προσθήκη ετικέτας
Δεν υπάρχουν, Καταχωρήστε ετικέτα πρώτοι!
|
MARC
| LEADER | 00000nam a2200000 a 4500 | ||
|---|---|---|---|
| 001 | UCI5918 | ||
| 003 | CL-VaPUC | ||
| 008 | 080411e20010000AG |||||||||||||||||spa|d | ||
| 020 | |a 9879870107 | ||
| 082 | 0 | 4 | |a 980 |b ROM |2 21 |
| 100 | 0 | |a Romero, José Luis |e author |9 316760 | |
| 245 | 1 | 0 | |a Latinoamérica: las ciudades y las ideas |
| 250 | |a 2a. ed | ||
| 300 | |a 396 p | ||
| 942 | |c BK | ||
| 945 | |d 20080411 00:00:00 |a jtorresc | ||
| 260 | |a Buenos Aires |b Siglo Veintiuno |c 2001 | ||
| 650 | 0 | |a Historia de América |9 266076 | |
| 650 | 0 | |a Ciudades |9 265474 | |
| 650 | 7 | |a HISTORIA SIGLOS 15-18 |2 CL-VaPUC |9 446625 | |
| 650 | 0 | |a Historiografía |9 257871 | |
| 651 | 0 | |a América Latina |9 255027 | |
| 583 | |a last modification |c 20180403 04:42:13 |k Rodrigo Vera | ||
| 490 | 0 | |a Historia y Cultura | |
| 999 | |c 329558 |d 329556 | ||
| 952 | |0 0 |1 0 |2 ddc |4 0 |6 980_000000000000000_ROM_2001 |7 0 |8 A |9 414440 |a BIBHIS |b BIBHIS |d 2019-11-22 |i 4424964 |l 1 |o 980 ROM 2001 |p 4424964 |r 2025-01-20 |s 2023-03-22 |w 2019-11-22 |y BK |k HIS | ||
| 952 | |0 0 |1 0 |2 ddc |4 0 |6 980_000000000000000_ROM_2001 |7 0 |8 A |9 414441 |a BIBHIS |b BIBHIS |d 2019-11-22 |i 4530438 |o 980 ROM 2001 |p 4530438 |r 2025-01-20 |w 2019-11-22 |y BK |k HIS | ||
| 952 | |0 0 |1 0 |4 0 |6 980_000000000000000_ROM_2001 |7 0 |8 A |9 414442 |a BIBARQ |b BIBARQ |d 2019-11-22 |i 4570847 |o 980 ROM 2001 |p 4570847 |r 2025-01-20 |w 2019-11-22 |y BK |k ARQ | ||
| 952 | |0 0 |1 0 |4 0 |6 980_000000000000000_ROM_2001 |7 0 |8 A |9 414443 |a BIBARQ |b BIBARQ |d 2019-11-22 |i 4570855 |o 980 ROM 2001 |p 4570855 |r 2025-01-20 |w 2019-11-22 |y BK |k ARQ | ||
| 952 | |0 0 |1 0 |4 0 |6 980_000000000000000_ROM_2001 |7 0 |8 A |9 414444 |a BIBDER |b BIBDER |d 2019-11-22 |i 4656210 |o 980 ROM 2001 |p 4656210 |r 2023-01-25 |w 2019-11-22 |y BK |k DER | ||
| 952 | |0 0 |1 0 |2 ddc |4 0 |6 980_000000000000000_ROM_2001 |7 0 |8 A |9 414445 |a BIBHIS |b BIBHIS |d 2019-11-22 |i 4682521 |l 1 |o 980 ROM 2001 |p 4682521 |r 2025-01-20 |s 2022-04-28 |w 2019-11-22 |y BK |k HIS | ||
| 952 | |0 0 |1 0 |4 0 |6 980_000000000000000_ROM_2001 |7 0 |8 A |9 414446 |a BIBGIM |b BIBGIM |d 2019-11-22 |i 4736532 |o 980 ROM 2001 |p 4736532 |r 2025-01-15 |w 2019-11-22 |y BK |k SSL | ||
| 952 | |0 0 |1 0 |4 0 |6 980_000000000000000_ROM_2001 |7 0 |8 A |9 414447 |a FDOPOS |b FDOPOS |d 2019-11-22 |i 4753410 |o 980 ROM 2001 |p 4753410 |r 2025-01-22 |w 2019-11-22 |y BK |k DLH | ||
| 952 | |0 0 |1 0 |4 0 |6 980_000000000000000_ROM_2001 |7 0 |8 A |9 414448 |a BIBEDU |b BIBEDU |d 2019-11-22 |i 4755960 |o 980 ROM 2001 |p 4755960 |r 2019-11-22 |w 2019-11-22 |y BK |k PSI | ||
| 952 | |0 0 |1 0 |2 ddc |4 0 |6 980_000000000000000_ROM_2001 |7 0 |8 A |9 414449 |a BIBHIS |b BIBHIS |d 2019-11-22 |i 4765656 |l 2 |o 980 ROM 2001 |p 4765656 |r 2025-01-20 |s 2024-11-13 |w 2019-11-22 |y BK |k HIS | ||